Countries by Most Visited Tourist Attraction - Statistics

General Stats
  • This quiz has been taken 37 times
  • The average score is 71 of 196
Answer Stats
Attraction Continent Country % Correct
Acropolis Museum Europe Greece
100%
Angkor Wat Asia Cambodia
96%
Colosseum Europe Italy
96%
Bratislava Old Town Europe Slovakia
96%
Central Park North America United States of America
96%
Louvre Museum Europe France
92%
Geiranger Fjord Europe Norway
92%
Machu Picchu South America Peru
92%
Hagia Sophia Museum Asia Turkey
88%
Historic Centre of Vienna Europe Austria
84%
Niagara Falls North America Canada
84%
Old City of Jerusalem Asia Israel
84%
Old City Riga Europe Latvia
84%
Mali National Park Africa Mali
84%
Museum of New Zealand Oceania New Zealand
84%
National Museum of Niger Africa Niger
84%
Panama Canal North America Panama
84%
Seoul Metro Asia South Korea
84%
Harry Potter Studio Tour Europe United Kingdom
84%
Saint Peter's Basilica Europe Vatican City
84%
Old Town Baku Asia Azerbaijan
80%
Tallinn Old Town Europe Estonia
80%
Zip Fiji Oceania Fiji
80%
Petra World Heritage Site Asia Jordan
80%
Vilnius Old Town Europe Lithuania
80%
The Belgrade Fortress Europe Serbia
80%
Sagrada Familia Europe Spain
80%
Sydney Harbour Oceania Australia
76%
Iguazu Falls South America Brazil
76%
Pyramids of Giza Africa Egypt
76%
Swazi Cultural Village Africa Eswatini
76%
Taj Mahal Asia India
76%
Liberian National Museum Africa Liberia
76%
Petronas Twin Towers Asia Malaysia
76%
Sudan National Museum Africa Sudan
76%
The Matterhorn Europe Switzerland
76%
Mount Kilimanjaro Africa Tanzania
76%
Vaduz Castle Europe Liechtenstein
72%
Rijksmuseum Europe Netherlands
72%
Old City of Sana'a Asia Yemen
72%
Igreja Catolica de Bissau Africa Guinea Bissau
68%
Private Antique Car Collection of Prince Rainier III Europe Monaco
68%
Cathedral of Asmara Africa Eritrea
64%
Fushimi Inari-taisha Shrine Asia Japan
64%
Fortress of Suomenlinna Europe Finland
60%
Tuvalu Philatelic Bureau Oceania Tuvalu
60%
Brest Hero-Fortress Europe Belarus
56%
Walled City of Cartagena South America Colombia
56%
Killarney National Park Europe Ireland
56%
'Door to Hell' Gas Deposit Asia Turkmenistan
56%
Hoi An Ancient Town Asia Vietnam
56%
Persepolis Asia Iran
52%
Bay of Kotor Europe Montenegro
52%
Table Mountain Africa South Africa
52%
Cayo de Agua South America Venezuela
52%
Nyhavn Europe Denmark
48%
Masai Mara National Reserve Africa Kenya
48%
Annapurna Mountain Range Asia Nepal
48%
Jellyfish Lake Oceania Palau
48%
Ciudad del Este Falls South America Paraguay
48%
Gorky Central Park Europe Ukraine
48%
Notre-Dame of Bangui Cathedral Africa Central African Republic
44%
Catedral de Santa Isabel Africa Equatorial Guinea
44%
Waterbom Bali Asia Indonesia
44%
Vasa Museum Europe Sweden
44%
Barrio Historico South America Uruguay
44%
Castaway Cay North America Bahamas
40%
Cox's Bazar Beach Asia Bangladesh
40%
Praia de Santa Maria Africa Cape Verde
40%
Kaieteur Falls South America Guyana
40%
American Cemetery Memorial Europe Luxembourg
40%
Anibare Bay Oceania Nauru
40%
Kokoda Track Oceania Papua New Guinea
40%
Garganta del Diablo South America Argentina
36%
Avenue of the Baobabs Africa Madagascar
36%
Alele Museum Oceania Marshall Islands
36%
Lake Bled Europe Slovenia
36%
Temple of the Reclining Buddha Asia Thailand
36%
Mapu'a 'a Vaea Blowholes Oceania Tonga
36%
Victoria Falls Africa Zimbabwe
36%
Grandvalira Ski Resort Europe Andorra
32%
Grand Place Europe Belgium
32%
Great Wall at Mutianyu Asia China
32%
Cristo Rei Asia East-Timor
32%
Mueso Templo del Sol Pintor Ortega Maila South America Ecuador
32%
Iglesia El Rosario North America El Salvador
32%
Fenua Ura Oceania Kiribati
32%
Hassan II Mosque Africa Morocco
32%
Devil's Pool (Livingstone) Africa Zambia
32%
Miradouro da Lua Africa Angola
28%
Ancient City Walls Europe Croatia
28%
Varadero Beach North America Cuba
28%
Miniatur Wonderland Europe Germany
28%
Gullfoss Europe Iceland
28%
Island Gully Falls North America Jamaica
28%
National Museum of Anthropology North America Mexico
28%
Masaya Volcano National Park North America Nicaragua
28%
Main Market Square Europe Poland
28%
Quinta da Regaleira Europe Portugal
28%
Gardens by the Bay Asia Singapore
28%
Bonegi I and II Oceania Solomon Islands
28%
El Jem Amphitheatre Africa Tunisia
28%
Sheikh Zayed Mosque Asia United Arab Emirates
28%
Al-Fatih Mosque Asia Bahrain
24%
Stare Mesto (Old Town) Europe Czechia
24%
Boiling Lake North America Dominica
24%
Bavaro Beach North America Dominican Republic
24%
Gergeti Trinity Church Asia Georgia
24%
Cape Coast Castle Africa Ghana
24%
The Citadelle North America Haiti
24%
AfriSki Ski Resort Africa Lesotho
24%
Bagan Temples Asia Myanmar
24%
Lake Ohrid Europe North Macedonia
24%
Kayangan Lake Asia Philippines
24%
Saint Peter & Paul Cathedral South America Suriname
24%
"Registan Asia Uzbekistan
24%
Notre Dame d'Afrique Africa Algeria
20%
Half Moon Bay North America Antigua & Barbuda
20%
Taktsang Palphug Monastery Asia Bhutan
20%
Little French Key North America Honduras
20%
Basilica of Our Lady of Peace Africa Ivory Coast
20%
Kuang Si Falls Asia Laos
20%
Leptis Magna Africa Libya
20%
Gorkhi-Terelj National Park Asia Mongolia
20%
Praia do Tofo Africa Mozambique
20%
Tower of the Juche Idea Asia North Korea
20%
Brimstone Hill Fortress North America Saint Kitts and Nevis
20%
Praia Jale Africa Sao Tomé and Principe
20%
Millenium Cave Oceania Vanuatu
20%
Hunte's Gardens North America Barbados
16%
Hol Chan Marine Reserve North America Belize
16%
Salar de Uyunia South America Bolivia
16%
Gallery 11/07/95 Europe Bosnia & Herzegovina
16%
Torres del Paine National Park South America Chile
16%
Proyecto Asis North America Costa Rica
16%
Truk Lagoon Oceania Federated States of Micronesia
16%
Petra Temples of Baalbek Asia Lebanon
16%
Mdina Old City Europe Malta
16%
Etosha National Park Africa Namibia
16%
Sultan Qaboos Grand Mosque Asia Oman
16%
Peles Castle Europe Romania
16%
Church of the Savior on Spilled Blood Europe Russia
16%
Treetop Adventure Park North America Saint Vincent & the Grenadines
16%
To Sua Ocean Trench Oceania Samoa
16%
Les Maison des Esclaves Africa Senegal
16%
Anse Lazio Africa Seychelles
16%
Umayyad Mosque Asia Syria
16%
Butrint Ruins Europe Albania
12%
Fig Tree Bay Asia Cyprus
12%
Temple IV North America Guatemala
12%
Parliament Europe Hungary
12%
Medeu Skating Rink & Ski Resort Asia Kazakhstan
12%
Ala-Archa Gorge Asia Kyrgyzstan
12%
Badshahi Mosque Asia Pakistan
12%
Museum of Islamic Art Asia Qatar
12%
Treetop Adventure Park North America Saint Lucia
12%
Masjid an-Nabi Asia Saudi Arabia
12%
Lion Rock Asia Sri Lanka
12%
Bwindi Impenetrable National Park Africa Uganda
12%
Babur Tomb Asia Afghanistan
8%
Okavango Delta Africa Botswana
8%
Jame'Asr Hassanil Bolkiah Mosque Asia Brunei
8%
Nessebar Museum Europe Bulgaria
8%
Mount Nyiragongo Africa Democratic Republic of the Congo
8%
Rock-Hewn Churches of Lalibela Africa Ethiopia
8%
Grand Anse Beach North America Grenada
8%
Sami Abdulrahman Park Asia Iraq
8%
Etnographic Museum Europe Kosovo
8%
Veligandu Island Beach Asia Maldives
8%
Basilique St. Anne Africa Republic of the Congo
8%
Volcanoes National Park Africa Rwanda
8%
Laas Geel Africa Somalia
8%
Taroko Gorge Asia Taiwan
8%
Monastery of Geghard Asia Armenia
4%
Guelta d'Archei Africa Chad
4%
Grand Mosque du Vendredi Africa Comoros
4%
Gotu Beach Africa Gambia
4%
Iles de Los Africa Guinea
4%
Mount Mulanje Africa Malawi
4%
Le Morne Brabant Africa Mauritius
4%
Stefan cel Mare Park Europe Moldova
4%
Nike Art Centre Africa Nigeria
4%
Guaita Europe San Marino
4%
Grand Marche Africa Togo
4%
Nylon Pool North America Trinidad & Tobago
4%
Porte du non Retour Africa Benin
0%
Reserve de Nazinga Africa Burkina Faso
0%
Rusizi National Park Africa Burundi
0%
Mefou National Park Africa Cameroon
0%
Rushing Waters Adventures Africa Djibouti
0%
Pointe-Denis Beach Africa Gabon
0%
The Avenues Asia Kuwait
0%
Port de Peche Africa Mauritania
0%
River Number Two Beach Africa Sierra Leone
0%
Saint Joseph's Catholic Church Africa South Sudan
0%
Rudaki Park Asia Tajikistan
0%
No matching quizzes found
Score Distribution
Percent of People with Each Score
Percentile by Number Answered
Your Score History
You have not taken this quiz